All Bus Stops on London Bus Route 163 - Statistics

General Stats
  • This quiz has been taken 3 times
  • The average score is 5 of 30
Answer Stats
Answer % Correct
Morden Station
100%
Raynes Park Station
100%
Wimbledon Station
100%
Links Avenue
33%
Queen Mary Avenue
33%
Raynes Park Library
33%
Tudor Drive
33%
Wimbledon Bus Station
33%
Ashridge Way
0%
Bertram Cottages
0%
Blenheim Road
0%
Bushey Road
0%
Churston Drive
0%
Francis Grove
0%
Greenway
0%
Hillcross Avenue
0%
London Road / Morden Station
0%
Lower Downs Road
0%
Maycross Avenue
0%
Merton Park Tram Stop
0%
Monkleigh Road
0%
Morden Civic Centre
0%
Raynes Park Playing Fields
0%
Sir Cyril Black Way
0%
St John Fisher School
0%
Sydney Road
0%
The Nelson Health Centre
0%
Westway
0%
Wilton Crescent
0%
Wimbledon Chase Station
0%
No matching quizzes found
Score Distribution
Percent of People with Each Score
Percentile by Number Answered
Your Score History
You have not taken this quiz